Hlavná cena do Brazílie odovzdaním glóbusov vyvrcholil jubilejný karlovarský filmový festival

Bibliographic Details
Main Author: Švolík, Jozef (Author)
Format: Article
Language:Slovak
Subjects:

MARC

LEADER 00000nab a2200000 a 4500
001 vtls000728787
003 SK-MaSNL
005 20260302200044.0
008 160324c2000 xo 0 slo
015 |a SNBRB2000/08-20040 
035 |a CLN000080933 
040 |a SNKBUCL  |b slo  |c SNKBUCL  |e AACR2 
041 0 |a slo 
044 |a xo  |c SK 
080 |a 791.43.091.4  |2 1997 
100 1 |a Švolík, Jozef  |4 aut  |9 840530 
245 1 0 |a Hlavná cena do Brazílie  |b odovzdaním glóbusov vyvrcholil jubilejný karlovarský filmový festival  |c Jozef Švolík 
300 |b Fotogr. 
611 1 7 |a Medzinárodný filmový festival  |n (35. :  |d 2000 :  |c Karlove Vary, Česko)  |2 snkbucl  |9 97065 
655 7 |a články z novín a časopisov  |2 snkbucl  |9 267496 
773 0 |x 1335-4051  |t Pravda  |g Roč. 10, č. 163 (17.7.2000), s. 8 
850 |a Slovenská národná knižnica v Martine 
852 |a SNK  |b KIS3GCP 
958 |a CZ 
958 |a RBX 
999 |c 1455021  |d 1456951